000
00230nam a22000977a 4500
008
170124b xxu||||| |||| 00| 0 alb d
041
_a
alb
080
_a
618.2
245
_a
MANUAL I MJEKESISE EMERGJENTE
_c
BAJRAMI, I
942
_2
udc
_c
BK
999
_c
3532
_d
3532